| 000 | 00649 a2200157 4500 | ||
|---|---|---|---|
| 001 | 3365-C25 | ||
| 020 | _a0306452855 | ||
| 050 |
_aQP551 _b.P76 1996 |
||
| 100 | _aChapter Author(s): Jisnuson svasti, Chantragan Srisomsap, Rudee Surarit, Voraratt Champattanachai, Sirinun Nilwarangkoon and Saravud Rungvirayudx | ||
| 100 | _aBook Author(s)/Editor(s): Zafar H. Zaidi and David L. Smith | ||
| 245 | _aChapter 25: Potential applications of plants glycohydrolases for oligosaccharide synthesis | ||
| 245 | _aBook Title: Protein Structure-Function Relationship | ||
| 260 |
_aNew York _bPlenum Press _c1996 |
||
| 300 | _aPage(s) 249 - 258 | ||
| 942 | _cBC | ||
| 999 |
_c9847 _d9847 |
||